000
00335 a2200157 4500
001
168928
020
_a
040
_c
Magnum
100
_a
Usberco, Joao
240
1
0
_a
Quimica 3 - quimica organica
_l
por
245
1
0
_a
Quimica 3 - quimica organica
362
0
_a
1899
440
1
_a
Saraiva
697
_a
PARADIDATICO
942
_c
BK
999
_c
168928
_d
168928